LIBRARY & INFORMATION CENTRE, KCAET, TAVANUR

ONLINE PUBLIC ACCESS CATALOGUE (OPAC)

Refrigeration and air conditioning / (Record no. 2702)

MARC details
000 -LEADER
fixed length control field 00443cam a2200169ua 4500
041 ## - LANGUAGE CODE
Language code of text/sound track or separate title eng
082 ## - DEWEY DECIMAL CLASSIFICATION NUMBER
Classification number 697.93
Item number JOR/RE
100 ## - MAIN ENTRY--AUTHOR NAME
Personal name Jordan `, Richard C .
245 ## - TITLE STATEMENT
Title Refrigeration and air conditioning /
250 ## - EDITION STATEMENT
Edition statement 2 /
260 ## - PUBLICATION, DISTRIBUTION, ETC. (IMPRINT)
Place of publication London :
Name of publisher Constable &Co Ltd, ,
Year of publication 1957.
300 ## - PHYSICAL DESCRIPTION
Number of Pages 555 ; .
700 1# - ADDED ENTRY--PERSONAL NAME
Personal name Priester , Gayle B .
942 ## - ADDED ENTRY ELEMENTS (KOHA)
Koha item type Books
Holdings
Withdrawn status Lost status Damaged status Home library Current library Date acquired Full call number Accession Number Koha item type
      KAUAET KAUAET 07/04/2012 697.93 3544 Books
free website counter